Music Quiz

Random Music or Clickable Quiz
Score 0/50 Timer 06:00
0 Plays Today
% Correct
Queen
83.9%
Billy Joel
80.5%
AC|DC
78.7%
The B-52's
77.5%
Eric Clapton And His Band
76.4%
Air Supply
75%
Christopher Cross
71.3%
Frank Sinatra
69.4%
Gary Numan
69.2%
Lipps, Inc.
69.1%
Irene Cara
67.8%
Supertramp
67.3%
Bob Seger
65.8%
Sugarhill Gang
64.8%
Pat Benatar
64.4%
Tom Petty And The Heartbreakers
64%
Kenny Rogers
62.7%
Kool And The Gang
62.6%
The Boomtown Rats
61.3%
Diana Ross
54.6%
The J. Geils Band
54.5%
Peter Gabriel
51.6%
Motörhead
51.2%
ABBA
49.5%
Spinners
48.2%
% Correct
Michael Jackson
48.1%
David Bowie
47.2%
Eagles
47.2%
Fleetwood Mac
46.7%
The Clash
45.6%
Rush
44.4%
Olivia Newton-John
44.2%
Molly Hatchet
43%
Genesis
40.4%
The Dead Kennedys
40%
Led Zeppelin
38.2%
Dan Fogelberg
37.4%
Smokey Robinson
36.2%
The Little River Band
35.6%
Billy Preston And Syreeta
31.6%
Jackson Browne
30.6%
Mac Davis
26.7%
Kurtis Blow
26.3%
Rupert Holmes
25%
Carly Simon
24.9%
The Brothers Johnson
23.8%
Bruce Cockburn
20.2%
Kim Carnes
18.6%
Alice Cooper
18.2%
Donna Summer
15.4%
Remove Ads.
Support Sporcle.
Get the best of Sporcle when you Go Orange. This ad-free experience offers more features, more stats, and more fun while also helping to support Sporcle. Thank you for becoming a member.

You're not logged in!

Compare scores with friends on all Sporcle quizzes.
OR
Log In

Show Comments

Extras

Top Quizzes Today


Score Distribution

Your Account Isn't Verified!

In order to create a playlist on Sporcle, you need to verify the email address you used during registration. Go to your Sporcle Settings to finish the process.

Report this User

Report this user for behavior that violates our Community Guidelines.

Details: